000 00480nam a22001577a 4500
999 _c60657
_d60657
005 20231003172928.0
008 231003s1976 enk||||| |||| 00| 0 eng d
041 _aeng
080 _a069 K-92
100 _aKypreou, Loula
_919986
245 _aNational Archaeological Museum /
_c Loula Kypreou.
264 _aAthens,
_c1976.
300 _a152 p. :
_bill.
_c26 cm.
653 _aეროვნული არქეოლოგიური მუზეუმი
942 _2udc
_cBK